000
00354 a2200169 4500
001
183517
020
_a
85-7509108-5
040
_c
Magnum
100
_a
Lopes, Carlos Herculano
240
1
0
_a
O vestido
_l
por
245
1
0
_a
O vestido
300
_a
199
362
0
_a
2004
440
1
_a
Geração Editorial
697
_a
LITERATURA GERAL
942
_c
BK
999
_c
183517
_d
183517